[Event "ITA-ch sf 81st"]
[Site "Acqui Terme"]
[Date "2022.06.18"]
[Round "8"]
[White "Mortola, Alberto"]
[Black "Giordani, Luca"]
[Result "0-1"]
[WhiteElo "1953"]
[BlackElo "1905"]
[PlyCount "128"]
[EventDate "2022.06.12"]
[EventType "swiss"]
[EventRounds "9"]
[EventCountry "ITA"]
[SourceTitle "CBM 208 Extra"]
[Source "ChessBase"]
[SourceDate "2022.07.31"]
[SourceVersion "1"]
[SourceVersionDate "2022.07.31"]
[SourceQuality "1"]

1. c4 Nf6 2. Nc3 g6 3. Nf3 Bg7 4. g3 0-0 5. Bg2 d6 6. d4 Nbd7 7. 0-0 e5 8. e4 c6 9. dxe5 Nxe5 10. Nxe5 dxe5 11. Be3 Be6 12. Qe2 Qc7 13. Rfd1 Rfd8 14. f3 Nh5 15. Rac1 h6 16. Nd5 Qb8 17. Nc3 f5 18. Bh3 Rxd1+ 19. Rxd1 Qe8 20. Rd2 Kh7 21. exf5 gxf5 22. Bf2 Qf7 23. b3 Qg6 24. Nd1 Nf4 25. Qf1 Nxh3+ 26. Qxh3 f4 27. g4 e4 28. fxe4 Be5 29. Qh5 Qxe4 30. g5 Bg7 31. Re2 Qf5 32. g6+ Kg8 33. Qxf5 Bxf5 34. Rd2 Bxg6 35. Rd7 Bf5 36. Rd2 b5 37. cxb5 cxb5 38. Bc5 a5 39. Kf2 Rc8 40. Bd6 Rc2 41. Bxf4 b4 42. Rxc2 Bxc2 43. Ne3 Bb1 44. Nc4 a4 45. a3 axb3 46. Bc1 Bd3 47. Na5 bxa3 48. Bxa3 b2 49. Bxb2 Bxb2 50. Nb3 Be5 51. Kg1 Bf4 52. Kg2 Kf7 53. Nc5 Bc4 54. Kh3 Kg6 55. Kg2 Kf5 56. Nd7 h5 57. Nc5 h4 58. Kh3 Bg5 59. Kg2 Kf4 60. Nd7 h3+ 61. Kh1 Ke3 62. Ne5 Bd5+ 63. Kg1 Ke2 64. Ng4 Bh4 0-1

[Event "ITA-ch sf 81st"]
[Site "Acqui Terme"]
[Date "2022.06.13"]
[Round "2"]
[White "Mortola, Alberto"]
[Black "Caprino, Marco"]
[Result "0-1"]
[WhiteElo "1953"]
[BlackElo "2071"]
[PlyCount "168"]
[EventDate "2022.06.12"]
[EventType "swiss"]
[EventRounds "9"]
[EventCountry "ITA"]
[SourceTitle "CBM 208 Extra"]
[Source "ChessBase"]
[SourceDate "2022.07.31"]
[SourceVersion "1"]
[SourceVersionDate "2022.07.31"]
[SourceQuality "1"]

1. e4 g6 2. d4 Bg7 3. Nf3 c5 4. c3 cxd4 5. cxd4 d5 6. exd5 Nf6 7. Bb5+ Nbd7 8. d6 exd6 9. Qe2+ Qe7 10. Qxe7+ Kxe7 11. 0-0 Nb6 12. Re1+ Be6 13. Ng5 Nfd5 14. Nxe6 fxe6 15. Bg5+ Kf7 16. Be3 Rac8 17. Nd2 Rc2 18. Ne4 Nxe3 19. fxe3 Ke7 20. Rab1 Bh6 21. Bd3 Rcc8 22. Nc3 Rhf8 23. Re2 Nc4 24. Bxc4 Rxc4 25. Rf1 Rcc8 26. Rf3 a6 27. a4 Bg7 28. Rxf8 Rxf8 29. Rf2 Rc8 30. Kf1 e5 31. d5 e4 32. Rf4 Bxc3 33. bxc3 Rc4 34. a5 g5 35. Rf5 h6 36. h4 Rxc3 37. hxg5 hxg5 38. Rxg5 Kf6 39. Rg4 Rxe3 40. Kf2 Rd3 41. Rxe4 Rxd5 42. Ra4 Rb5 43. Kf3 Ke5 44. Re4+ Kd5 45. Ra4 Kc6 46. g4 Rg5 47. Kf4 Rg8 48. Rb4 Rf8+ 49. Kg5 d5 50. Rb6+ Kc7 51. Kg6 d4 52. Kg7 Rd8 53. g5 d3 54. Rb1 d2 55. Rd1 Kc6 56. Kf7 Kb5 57. g6 Kc4 58. Ke7 Rd3 59. g7 Rg3 60. Rxd2 Rxg7+ 61. Kf6 Rh7 62. Rb2 Kc5 63. Ke6 Kc6 64. Rb1 Rh6+ 65. Ke7 Rh5 66. Ra1 Re5+ 67. Kd8 b5 68. axb6 Kxb6 69. Rb1+ Rb5 70. Ra1 Rb4 71. Kd7 a5 72. Kd6 Kb5 73. Kd5 a4 74. Rh1 a3 75. Ra1 Rb3 76. Kd4 Kb4 77. Ra2 Rb2 78. Ra1 Kb3 79. Rh1 Rd2+ 80. Ke3 Rc2 81. Rh8 Rc4 82. Kd3 Rb4 83. Kd2 a2 84. Rh3+ Kb2 0-1

[Event "Arco Christmas op 9th"]
[Site "Arco"]
[Date "2018.12.28"]
[Round "4"]
[White "Astengo, Corrado"]
[Black "Mortola, Alberto"]
[Result "1-0"]
[WhiteElo "2120"]
[BlackElo "1938"]
[PlyCount "97"]
[EventDate "2018.12.26"]
[EventType "swiss"]
[EventRounds "7"]
[EventCountry "ITA"]
[SourceTitle "CBM 188 Extra"]
[Source "ChessBase"]
[SourceDate "2019.02.26"]
[SourceVersion "1"]
[SourceVersionDate "2019.02.26"]
[SourceQuality "1"]

1. e4 e5 2. Nf3 Nc6 3. Bc4 Be7 4. d4 d6 5. 0-0 Bg4 6. Be3 exd4 7. Bxd4 Nxd4 8. Qxd4 Nf6 9. Nbd2 0-0 10. h3 Bxf3 11. Nxf3 c6 12. Rad1 Qb6 13. Rfe1 Qxd4 14. Nxd4 g6 15. f4 Rfe8 16. e5 dxe5 17. fxe5 Bc5 18. c3 Nd5 19. Bxd5 cxd5 20. Kh2 Bxd4 21. Rxd4 Rad8 22. Kg3 f6 23. e6 Rd6 24. Kf3 Rdxe6 25. Rxe6 Rxe6 26. Rxd5 Re7 27. c4 Kf7 28. g4 Rc7 29. b3 Re7 30. c5 Ke6 31. Ke4 Kf7+ 32. Kd4 Ke8 33. Rd6 Re2 34. Rxf6 Rxa2 35. Rf3 Ke7 36. Kd5 Rb2 37. Re3+ Kd7 38. Kc4 Rb1 39. b4 Rc1+ 40. Kb5 Rc2 41. Rf3 Ke7 42. Ra3 a6+ 43. Kb6 Rc4 44. Rb3 Rc1 45. Kxb7 a5 46. c6 a4 47. Re3+ Kd6 48. Rd3+ Ke7 49. c7 1-0

[Event "Arco Christmas op 9th"]
[Site "Arco"]
[Date "2018.12.27"]
[Round "3"]
[White "Mortola, Alberto"]
[Black "Dittmar, Peter"]
[Result "0-1"]
[WhiteElo "1938"]
[BlackElo "2222"]
[PlyCount "148"]
[EventDate "2018.12.26"]
[EventType "swiss"]
[EventRounds "7"]
[EventCountry "ITA"]
[SourceTitle "CBM 188 Extra"]
[Source "ChessBase"]
[SourceDate "2019.02.26"]
[SourceVersion "1"]
[SourceVersionDate "2019.02.26"]
[SourceQuality "1"]

1. e4 e6 2. d4 d5 3. exd5 exd5 4. Bd3 c5 5. dxc5 Bxc5 6. Nc3 Ne7 7. Bg5 Nbc6 8. Nge2 h6 9. Bf4 Be6 10. 0-0 a6 11. a3 0-0 12. b4 Ba7 13. b5 Na5 14. bxa6 bxa6 15. Bxa6 Bxf2+ 16. Rxf2 Rxa6 17. Nd4 Ng6 18. Qd3 Bc8 19. Bg3 Nc4 20. a4 Nge5 21. Bxe5 Nxe5 22. Qb5 Ra5 23. Qb4 Bd7 24. Raf1 Ng4 25. Nc6 Bxc6 26. Qxg4 Rc5 27. Qb4 Rc4 28. Qb3 Qa5 29. Ne2 Bxa4 30. Qb7 Rc7 31. Qb2 Rxc2 32. Qa3 Qc5 33. Qxc5 Rxc5 34. Nd4 Bd7 35. Rd2 Rfc8 36. Nb3 Rc3 37. Nd4 Rc1 38. Nb3 Rxf1+ 39. Kxf1 Bb5+ 40. Kf2 Bc4 41. Nd4 g6 42. h4 h5 43. g3 Kg7 44. Nc2 Ra8 45. Ne3 Ra5 46. Rd4 Rc5 47. Kf3 Kf6 48. Kf4 Ke6 49. Rd2 Bb5 50. Rd4 Bc6 51. Rd2 Ra5 52. Rd4 Ra4 53. Nc2 Rc4 54. Rxc4 dxc4 55. Nd4+ Kd5 56. Ke3 Bd7 57. Ne2 Bf5 58. Nc3+ Kc5 59. Ne2 Bg4 60. Nc3 Kb4 61. Kd4 Kb3 62. Ne4 Be6 63. Nc3 Kc2 64. Ne4 Kd1 65. Ke3 Ke1 66. Nc3 Kf1 67. Kf4 Kg2 68. Ne4 Bf5 69. Nc3 Kf2 70. Nd5 Ke2 71. Ke5 Kd3 72. Nb4+ Kd2 73. Nc6 c3 74. Nd4 c2 0-1

[Event "Arco Christmas op 7th"]
[Site "Arco"]
[Date "2016.12.30"]
[Round "7"]
[White "Mortola, Alberto"]
[Black "Lezzerini, Marco"]
[Result "0-1"]
[WhiteElo "1938"]
[BlackElo "2105"]
[PlyCount "54"]
[EventDate "2016.12.26"]
[EventType "swiss"]
[EventRounds "7"]
[EventCountry "ITA"]
[SourceTitle "CBM 176 Extra"]
[Source "ChessBase"]
[SourceDate "2017.03.02"]
[SourceVersion "1"]
[SourceVersionDate "2017.03.02"]
[SourceQuality "1"]

1. b4 e5 2. Bb2 Bxb4 3. Bxe5 Nf6 4. c4 0-0 5. e3 d5 6. cxd5 Nxd5 7. Nf3 Re8 8. Be2 c5 9. 0-0 Nc6 10. Bb2 Bf5 11. d4 Qe7 12. Bb5 Rad8 13. Nbd2 Nc3 14. Bxc3 Bxc3 15. Rc1 cxd4 16. exd4 Bxd4 17. Bxc6 bxc6 18. Rxc6 Bb6 19. Qc1 Qe2 20. h3 h6 21. Kh2 Bxf2 22. Rc3 Be3 23. Re1 Bf4+ 24. Kh1 Qf2 25. Rxe8+ Rxe8 26. Qd1 Re2 27. Qg1 Bxd2 0-1

[Event "Liguria Region-ch"]
[Site "Spotorno"]
[Date "2016.05.15"]
[Round "5"]
[White "Mortola, Alberto"]
[Black "Monticone, Sonia"]
[Result "1/2-1/2"]
[WhiteElo "1939"]
[BlackElo "1940"]
[PlyCount "32"]
[EventDate "2016.05.13"]
[EventType "swiss"]
[EventRounds "5"]
[EventCountry "ITA"]
[SourceTitle "EXT 2018"]
[Source "ChessBase"]
[SourceDate "2017.10.13"]
[SourceVersion "1"]
[SourceVersionDate "2017.10.13"]
[SourceQuality "1"]

1. e4 c5 2. c3 g6 3. d4 cxd4 4. cxd4 d5 5. exd5 Nf6 6. Nc3 Bg7 7. Bb5+ Bd7 8. Bc4 0-0 9. Nf3 Na6 10. Bf4 Bg4 11. h3 Bf5 12. Qb3 Qa5 13. Qxb7 Nb4 14. 0-0 Qb6 15. Qxe7 Nc2 16. Rad1 Rad8 1/2-1/2

[Event "Liguria Region-ch"]
[Site "Spotorno"]
[Date "2016.05.14"]
[Round "2"]
[White "Baggiani, Fabio"]
[Black "Mortola, Alberto"]
[Result "0-1"]
[WhiteElo "1794"]
[BlackElo "1939"]
[PlyCount "82"]
[EventDate "2016.05.13"]
[EventType "swiss"]
[EventRounds "5"]
[EventCountry "ITA"]
[SourceTitle "EXT 2018"]
[Source "ChessBase"]
[SourceDate "2017.10.13"]
[SourceVersion "1"]
[SourceVersionDate "2017.10.13"]
[SourceQuality "1"]

1. d4 Nf6 2. e3 g6 3. Bd3 Bg7 4. c4 d6 5. Nc3 Nbd7 6. f4 e5 7. Nge2 exd4 8. exd4 0-0 9. 0-0 d5 10. c5 Qe7 11. f5 Nxc5 12. dxc5 Qxc5+ 13. Kh1 Ng4 14. Qe1 Ne5 15. Bb1 Re8 16. fxg6 hxg6 17. Qf2 Qxf2 18. Rxf2 Ng4 19. Rf1 d4 20. Bxg6 fxg6 21. h3 dxc3 22. Nxc3 Bxc3 23. bxc3 Ne5 24. Bf4 Bf5 25. Rfe1 Nd3 26. Rxe8+ Rxe8 27. Bxc7 Rc8 28. Bd6 Rxc3 29. Rf1 Rc1 30. Kg1 Kf7 31. Bb8 a6 32. Bd6 Ke6 33. Bf8 Kd5 34. Bh6 Rxf1+ 35. Kxf1 Kc4 36. a3 b5 37. Ke2 a5 38. Kd2 b4 39. axb4 axb4 40. g4 Be4 41. Kc2 Nf2+ 0-1

[Event "Arco Christmas op 6th"]
[Site "Arco"]
[Date "2015.12.27"]
[Round "2"]
[White "Mortola, Alberto"]
[Black "Luciani, Valerio"]
[Result "1/2-1/2"]
[WhiteElo "1983"]
[BlackElo "2226"]
[PlyCount "74"]
[EventDate "2015.12.26"]
[EventType "swiss"]
[EventRounds "7"]
[EventCountry "ITA"]
[SourceTitle "CBM 170 Extra"]
[Source "ChessBase"]
[SourceDate "2016.02.25"]
[SourceVersion "1"]
[SourceVersionDate "2016.02.25"]
[SourceQuality "1"]

1. d4 d5 2. Nf3 Nf6 3. Bf4 g6 4. e3 Bg7 5. Bd3 0-0 6. Nbd2 Nbd7 7. c3 Re8 8. 0-0 c6 9. h3 Nf8 10. Ne5 N6d7 11. Ndf3 Nxe5 12. Nxe5 f6 13. Ng4 Bxg4 14. Qxg4 e5 15. Bg3 f5 16. Qd1 e4 17. Be2 Ne6 18. Qb3 Re7 19. c4 f4 20. cxd5 cxd5 21. Bxf4 Nxf4 22. exf4 Qd6 23. Rac1 Rd8 24. Rc5 Kh8 25. Qe3 b6 26. Rc2 Qf6 27. Rd1 Bh6 28. g3 g5 29. fxg5 Bxg5 30. f4 exf3 31. Qxf3 Qg7 32. Qg4 Re4 33. Qf5 Be3+ 34. Kg2 Rf8 35. Rc8 Ree8 36. Rxe8 Rxe8 37. Qg4 Bxd4 1/2-1/2

[Event "Genova op 15th"]
[Site "Genova"]
[Date "2014.10.18"]
[Round "3"]
[White "Manfredi, Vincenzo"]
[Black "Mortola, Alberto"]
[Result "1-0"]
[WhiteElo "2224"]
[BlackElo "1968"]
[PlyCount "137"]
[EventDate "2014.10.17"]
[EventType "swiss"]
[EventRounds "5"]
[EventCountry "ITA"]
[SourceTitle "EXT 2016"]
[Source "ChessBase"]
[SourceDate "2015.10.08"]
[SourceVersion "1"]
[SourceVersionDate "2015.10.08"]
[SourceQuality "1"]

1. d4 f5 2. g3 Nf6 3. Bg2 g6 4. h4 d5 5. Nh3 Be6 6. Nd2 Qd6 7. Nf3 Nbd7 8. Nf4 0-0-0 9. Nd3 Bg7 10. Bf4 Qb6 11. a4 Nb8 12. a5 Qb5 13. Nc5 Bg8 14. Ne5 Ne4 15. Ncd3 Be6 16. f3 Nd6 17. Bf1 Rhf8 18. Nc5 Bg8 19. e3 Nc4 20. Ned3 Qe8 21. Kf2 e5 22. dxe5 Nxe5 23. Nxe5 Bxe5 24. Bxe5 Qxe5 25. Qd4 Nc6 26. Qxe5 Nxe5 27. c3 Nd7 28. Nd3 Nf6 29. Be2 Bf7 30. Rhe1 Be8 31. Nc5 Rd6 32. b4 a6 33. Nb3 Nd7 34. f4 Nf6 35. Bf3 Bb5 36. Red1 Rfd8 37. Rd2 Ne4+ 38. Bxe4 dxe4 39. Rxd6 Rxd6 40. Nd4 Kd8 41. h5 Ke7 42. hxg6 hxg6 43. Rh1 Kf6 44. Rh8 Kg7 45. Rc8 Rd7 46. Rxc7 Rxc7 47. Ne6+ Kf6 48. Nxc7 Bd3 49. Ke1 g5 50. Kf2 gxf4 51. gxf4 Ke7 52. Nd5+ Kd6 53. Nb6 Ke6 54. Kg3 Bb5 55. Kh4 Kf6 56. Kh5 Be8+ 57. Kh6 Bf7 58. Nd7+ Ke7 59. Ne5 Be8 60. Kg5 Ke6 61. c4 Ba4 62. Kg6 Be8+ 63. Kg7 Ke7 64. Ng6+ Ke6 65. Nh4 Ba4 66. Kg6 Be8+ 67. Kg5 Bf7 68. Nxf5 Kd7 69. Ng3 1-0

[Event "Bratto op-B 34th"]
[Site "Bratto"]
[Date "2014.08.29"]
[Round "7"]
[White "Pirrello, Christian"]
[Black "Mortola, Alberto"]
[Result "0-1"]
[WhiteElo "1691"]
[BlackElo "1949"]
[PlyCount "102"]
[EventDate "2014.08.23"]
[EventType "swiss"]
[EventRounds "8"]
[EventCountry "ITA"]
[SourceTitle "EXT 2017"]
[Source "ChessBase"]
[SourceDate "2016.10.25"]
[SourceVersion "1"]
[SourceVersionDate "2016.10.25"]
[SourceQuality "1"]

1. d4 f5 2. c4 Nf6 3. Nc3 g6 4. g3 Bg7 5. Bg2 d6 6. Nf3 Nc6 7. 0-0 0-0 8. Re1 e5 9. dxe5 Nxe5 10. Nxe5 dxe5 11. e4 Qxd1 12. Rxd1 f4 13. Nd5 Nxd5 14. cxd5 f3 15. Bf1 c6 16. dxc6 bxc6 17. Bc4+ Kh8 18. Be3 Bh3 19. Rd6 Rfc8 20. Rad1 Bf8 21. Bg5 h6 22. Bf6+ Bg7 23. Bxg7+ Kxg7 24. Be6 Bxe6 25. Rxe6 Rd8 26. Red6 Rxd6 27. Rxd6 Rb8 28. b3 c5 29. Rd3 Rf8 30. Kf1 a5 31. a4 g5 32. h3 h5 33. Ke1 Rb8 34. Rxf3 Rb4 35. Re3 c4 36. bxc4 Rxc4 37. Ra3 Rxe4+ 38. Kd2 Kf6 39. f3 Rb4 40. Ke3 g4 41. fxg4 hxg4 42. h4 Kf5 43. Kd3 e4+ 44. Ke3 Ke5 45. Rc3 Kd5 46. h5 Rb1 47. Rc8 Re1+ 48. Kf2 Rh1 49. Ra8 Kd4 50. Rxa5 e3+ 51. Kg2 e2 0-1

[Event "Bratto op-B 34th"]
[Site "Bratto"]
[Date "2014.08.24"]
[Round "2"]
[White "Mortola, Alberto"]
[Black "Gagliardi, Claudio"]
[Result "1/2-1/2"]
[WhiteElo "1949"]
[BlackElo "1779"]
[PlyCount "105"]
[EventDate "2014.08.23"]
[EventType "swiss"]
[EventRounds "8"]
[EventCountry "ITA"]
[SourceTitle "EXT 2017"]
[Source "ChessBase"]
[SourceDate "2016.10.25"]
[SourceVersion "1"]
[SourceVersionDate "2016.10.25"]
[SourceQuality "1"]

1. c4 c5 2. g3 g6 3. Bg2 Bg7 4. Nf3 Nc6 5. Nc3 d6 6. d3 e5 7. 0-0 Nge7 8. e4 0-0 9. Bg5 f6 10. Be3 Be6 11. Qd2 Qd7 12. Nd5 Nd4 13. Nxd4 exd4 14. Bh6 Nc6 15. Bxg7 Kxg7 16. f4 f5 17. Rae1 Rae8 18. a3 fxe4 19. dxe4 b6 20. b4 Rf7 21. b5 Ne7 22. Qd3 Nxd5 23. cxd5 Bh3 24. Rf2 Bxg2 25. Kxg2 Rfe7 26. Rfe2 Qg4 27. e5 dxe5 28. fxe5 Qd7 29. Qc4 Rf8 30. e6 Qd6 31. Qd3 Qxd5+ 32. Qe4 Qxe4+ 33. Rxe4 Rd8 34. Rd1 Rd6 35. Rde1 Rd5 36. a4 Rd6 37. Kf3 Kf6 38. Rf4+ Kg7 39. Rfe4 Kf6 40. Rf4+ Kg7 41. Rfe4 Rd5 42. Ke2 Kf6 43. Kd3 Rf5 44. Kc4 Kg7 45. g4 Rf8 46. h4 h6 47. Kd3 g5 48. hxg5 hxg5 49. Kc4 Rd8 50. Kd3 Rd6 51. Re5 Kf6 52. Rf5+ Kg6 53. Rfe5 1/2-1/2

[Event "Genova op 14th"]
[Site "Genova"]
[Date "2013.10.20"]
[Round "4"]
[White "Baggiani, Fabio"]
[Black "Mortola, Alberto"]
[Result "1/2-1/2"]
[WhiteElo "1768"]
[BlackElo "1947"]
[PlyCount "101"]
[EventDate "2013.10.18"]
[EventType "swiss"]
[EventRounds "5"]
[EventCountry "ITA"]
[SourceTitle "EXT 2015"]
[Source "ChessBase"]
[SourceDate "2014.11.20"]
[SourceVersion "1"]
[SourceVersionDate "2014.11.20"]
[SourceQuality "1"]

1. f4 d5 2. e3 g6 3. Nf3 Bg7 4. Be2 Nf6 5. 0-0 0-0 6. d3 c5 7. Nc3 d4 8. Ne4 Nxe4 9. dxe4 dxe3 10. c3 b6 11. Bxe3 Bb7 12. Qa4 Qd7 13. Qc2 Nc6 14. Rad1 Qc7 15. Rd2 Rad8 16. Rfd1 Bh6 17. Ng5 Bxg5 18. fxg5 e6 19. Rxd8 Rxd8 20. Rxd8+ Qxd8 21. Qd2 Qxd2 22. Bxd2 e5 23. Be1 Kf8 24. g4 Ke7 25. Bg3 Kd6 26. Kf2 Nd8 27. Ke3 Ne6 28. h4 a6 29. a4 Bc6 30. b3 b5 31. axb5 axb5 32. c4 b4 33. Bd1 Nd4 34. Kd3 Bd7 35. Ke3 Be6 36. Kd3 Nc6 37. Bf2 Nb8 38. Bg3 Nd7 39. Ke3 f6 40. gxf6 Nxf6 41. g5 Ng8 42. Bf2 Ne7 43. Bg3 Nc6 44. Kd3 Bh3 45. Ke3 Bg2 46. Bc2 Nd4 47. Bd1 Bf1 48. Bh2 Bg2 49. Bg3 Bh3 50. Bh2 Ne6 51. Bg3 1/2-1/2

[Event "Bratto op-B 33rd"]
[Site "Bratto"]
[Date "2013.08.21"]
[Round "4"]
[White "Razzano, Lorenzo"]
[Black "Mortola, Alberto"]
[Result "1/2-1/2"]
[WhiteElo "1988"]
[BlackElo "1936"]
[PlyCount "43"]
[EventDate "2013.08.18"]
[EventType "swiss"]
[EventRounds "8"]
[EventCountry "ITA"]
[SourceTitle "EXT 2015"]
[Source "ChessBase"]
[SourceDate "2014.11.20"]
[SourceVersion "1"]
[SourceVersionDate "2014.11.20"]
[SourceQuality "1"]

1. g3 g6 2. Bg2 Bg7 3. d3 f5 4. Nc3 Nf6 5. e4 fxe4 6. dxe4 e5 7. Nd5 0-0 8. Bg5 d6 9. Qd2 Be6 10. h4 Nbd7 11. h5 Bxd5 12. exd5 Qe8 13. hxg6 Qxg6 14. 0-0-0 Nc5 15. Bxf6 Qxf6 16. f3 e4 17. c3 Rae8 18. fxe4 Nxe4 19. Bxe4 Rxe4 20. Ne2 Qf2 21. Nf4 Qxd2+ 22. Rxd2 1/2-1/2

[Event "Bertolini Memorial 18th"]
[Site "Genova"]
[Date "2013.06.23"]
[Round "5"]
[White "Mortola, Alberto"]
[Black "Simoncini, Francesco"]
[Result "0-1"]
[WhiteElo "1933"]
[BlackElo "2020"]
[PlyCount "62"]
[EventDate "2013.06.05"]
[EventType "swiss"]
[EventRounds "5"]
[EventCountry "ITA"]
[SourceTitle "EXT 2015"]
[Source "ChessBase"]
[SourceDate "2014.11.20"]
[SourceVersion "1"]
[SourceVersionDate "2014.11.20"]
[SourceQuality "1"]

1. e4 c5 2. c3 e6 3. d4 d5 4. e5 Nc6 5. Nf3 Bd7 6. Be2 f6 7. 0-0 fxe5 8. Nxe5 Nxe5 9. dxe5 Qc7 10. f4 0-0-0 11. a4 Nh6 12. Na3 a6 13. b4 Nf7 14. Be3 g5 15. fxg5 Nxe5 16. Bf4 Bd6 17. bxc5 Qxc5+ 18. Kh1 Ng6 19. Bxd6 Qxd6 20. c4 h6 21. cxd5 hxg5 22. h3 exd5 23. Nc4 Qc5 24. Nd2 Kb8 25. Rc1 Qe7 26. Bg4 Rh4 27. Bxd7 Qxd7 28. Nf3 Rh5 29. Nd4 Rxh3+ 30. gxh3 Qxh3+ 31. Kg1 Qg3+ 0-1